000
00464nam a2200169Ia 4500
008
090711s9999 xx 000 0 und d
082
_b
68914
100
_a
जाधव रा. ग.
245
_a
विSाारशिल्प
260
_c
1975
300
_a
140
600
_a
जाधव रा. ग.
630
_a
विSाारशिल्प
700
_a
जाधव रा. ग.
730
_a
विSाारशिल्प
942
_c
BOOK
999
_c
283432
_d
283432